00661nam a2200205Ia 4500003000900000008004100009040001600050080001700066100003100083245006000114260003900174300001800213650001300231650004100244650002700285650002800312942000700340999001500347952009300362IN-BaIIA211028s9999 xx 000 0 eng d cIIA Library a52(091)bGUI aGuinness, Grattan H.92827 0aCreation centred in christbvol. IcH. Grattan Guinness aLondonbHodder and Stoughtonc1896 axxxvii, 536p. aArchives aAstronomy and Astrophysics Thesaurus aAstronomy-History9900 aHistory-Astronomy91125 cBK c1373d1373 00104070aBANbKODcGENd0000-00-00l0o52(091)/ GUIp1451r2021-11-05w0000-00-00yBK